00286nam a2200121Ia 4500100001600000250000600016654002300022245004700045260003700092082001500129300000800144546001200152 aSastry/S.S  a4 anumerical analysis aIntroductory methods of numerical analysis bPrentice HallaNew Delhic2005 a519.4bSAS a440 aENGLISH